000 01795nam a2200277Ia 4500
999 _c55163
_d55163
001 22238
003 GE_BSU
005 20230125110408.0
008 181216s2008||||ge |||||||||||||| ||geo||
020 _a978-9941-13-047-2
040 _cGE_BSU
041 _ageo
080 _a821.353.1.09 ტ-15
100 _aტაბიძე, ტ.
_916777
245 _aახალი ქართული ლიტერატურა მეცხრამეტე საუკუნე-მეოცე საუკუნის 30-იან წლებამდე :
_bმოკლე ნარკვევი /
_cტ. ტაბიძე ; წინათქმა და რედ. ლადო მინაშვილი ; რუს. თარგმნა თემურ ჯაგოდნიშვილმა ; სომხურ გამოცემას შეუდარა ზეზვა მედულაშვილმა
264 _aთბილისი :
_bთსუ,
_c2008.
300 _a211გვ. ;
_c20 სმ.
500 _aტექსტი და პარალელური სათაური ქართულ და რუსულ ენებზე
541 _h11ლ. 50თ.
653 _aახალი ქართული ლიტერატურა
653 _aმეცხრამეტე საუკუნე-მეოცე საუკუნის 30-იან წლებამდე
653 _aქართული ლიტერატურის ისტორია და კრიტიკა
700 _aმინაშვილი, ლადო
_eრედაქტორი
_91253
700 _aჯაგოდნიშვილი, თემურ
_eმთარგმნელი
_916778
942 _cBK
_2udc